| 000 | 00421cam a2200157ua 4500 | ||
|---|---|---|---|
| 041 |
_aeng _h |
||
| 082 |
_a028.71624 _bMER/ST |
||
| 100 | _aMerritt, Fredericks . | ||
| 245 |
_aStandard handbook for civil engineers / _cFredericks Merritt. _hTextual Documents |
||
| 250 |
_a3 / _b. |
||
| 260 |
_aNew York : _bMcGraw Hill Book Company , _c1983. |
||
| 300 | _a1626 ; . | ||
| 504 | _a | ||
| 942 | _cBK | ||
| 999 |
_c7100 _d7100 |
||